Представление документа в формате MARC21

Поле Инд. ПП Название Значение
Тип записи a
Библиографический уровень b
001 Контрольный номер UNIDUBNA26fdbc67fa6d4900b9afd37fee222598
005 Дата корректировки 20250331172741.4
008 Кодируемые данные 20170331
040 b Код языка каталог. rus
e Правила каталог. PSBO
041 0_ a Код языка текста rus
084 a Индекс другой классификации/Индекс ББК 60.02
100 1_ a Автор Бондаренко И. Н.
q Полное имя Бондаренко Ирина Николаевна
245 10 a Заглавие К вопросу о толерантности, интолерантности и общественно-политической реальности
504 a Библиография Лит. в конце статьи.
520 0_ a Аннотация Пебликация представляет собой читательский отклик на ранее размещенную в "Отечественном журнале социальной работы" статью Е. В. Воеводиной "Проблемы социокультурного взаимодействия в поликультурном пространстве: дискриминация, толерантность и "поколение снежинок"".
650 14 a Основная рубрика общество
a Основная рубрика социальная философия
a Основная рубрика социология
653 0_ a Ключевые слова "поколение снежинок"
a Ключевые слова война
a Ключевые слова геноцид
a Ключевые слова глобализация
a Ключевые слова дискриминация
a Ключевые слова Европа
a Ключевые слова идеология
a Ключевые слова интолерантность
a Ключевые слова историческая память
a Ключевые слова молодежь
a Ключевые слова неонацизм
a Ключевые слова общественно-политическая ситуация
a Ключевые слова Организация Североатлантического договора (НАТО)
a Ключевые слова поликультурализм
a Ключевые слова политика
a Ключевые слова Россия
a Ключевые слова русофобия
a Ключевые слова социокультурное взаимодействие
a Ключевые слова специальная военная операция (СВО)
a Ключевые слова США
a Ключевые слова толерантность
a Ключевые слова Украина
a Ключевые слова Фонд "Защитники Отечества"
773 08 t Заглавие источника Отечественный журнал социальной работы
d Дата издания источника 2023
g Прочая информация № 2. - С. 162 - 172
w Контрольный № источника UNIDUBNAf3b735b0c95c4e71adfb60afc49411e3
901 t Тип документа b